|
|
|
|
| LEADER |
00000nam0a2200000 4500 |
| 001 |
139490 |
| 005 |
20231101220810.0 |
| 010 |
|
|
|a 9785976502987
|
| 010 |
|
|
|a 978-5-9770-0261-5
|
| 035 |
|
|
|a (RuTPU)RU\TPU\book\151116
|
| 090 |
|
|
|a 139490
|
| 100 |
|
|
|a 20080607d2008 m y0rusy50 ca
|
| 101 |
0 |
|
|a rus
|
| 102 |
|
|
|a RU
|
| 105 |
|
|
|a y j 001zy
|
| 200 |
1 |
|
|a Read Off! Graded Reader with Exercises
|e сборник текстов по психологии для чтения на английском языке с упражнениями
|e учебное пособие
|f Г. В. Бочарова, М. Г. Степанова
|g Российская академия образования (РАО); Московский психолого-социальный институт (МПСИ)
|
| 210 |
|
|
|a Москва
|c Флинта
|c Московский психолого-социальный институт
|d 2008
|
| 215 |
|
|
|a 205 с.
|
| 320 |
|
|
|a Библиогр.: с. 201-203.
|
| 330 |
|
|
|a Пособие ставит своей целью ознакомление с разнообразной тематикой по специальности, усвоение психологической лексики, развитие навыков анализа аутентичных текстов разного уровня сложности. Для студентов, аспирантов и преподавателей психологических факультетов вузов.
|
| 606 |
1 |
|
|a Английский язык
|x Учебные руководства и пособия
|x Хрестоматии, книги для чтения
|2 stltpush
|3 (RuTPU)RU\TPU\subj\29075
|9 52487
|
| 610 |
1 |
|
|a лексика
|
| 610 |
1 |
|
|a чтение
|
| 610 |
1 |
|
|a разговорная речь
|
| 610 |
1 |
|
|a тексты
|
| 610 |
1 |
|
|a психология
|
| 610 |
1 |
|
|a упражнения
|
| 686 |
|
|
|a Ш143.21-923.8
|v LBC/SL-A
|2 rubbk
|
| 700 |
|
1 |
|a Бочарова
|b Г. В.
|g Галина Валентиновна
|
| 701 |
|
1 |
|a Степанова
|b М. Г.
|g Мария Георгиевна
|
| 712 |
0 |
2 |
|a Российская академия образования (РАО)
|2 stltpush
|3 (RuTPU)RU\TPU\col\1542
|
| 712 |
0 |
2 |
|a Московский психолого-социальный институт (МПСИ)
|2 stltpush
|3 (RuTPU)RU\TPU\col\10702
|
| 801 |
|
1 |
|a RU
|b 63413507
|c 20080607
|g PSBO
|
| 801 |
|
2 |
|a RU
|b 63413507
|c 20140213
|g PSBO
|
| 900 |
|
|
|a Профессиональный английский язык
|
| 942 |
|
|
|c BK
|
| 954 |
|
|
|a 521000
|
| 959 |
|
|
|a 65/20080529
|d 1
|e 0
|f ЧЗИЛ:1
|